[Event "Maringa op 4th"]
[Site "Maringa"]
[Date "2014.08.20"]
[Round "1"]
[White "Santa Clara, Paulo Henrique De"]
[Black "Carlos, Eduardo"]
[Result "0-1"]
[WhiteElo "1800"]
[BlackElo "2030"]
[PlyCount "38"]
[EventDate "2014.08.20"]
[EventType "swiss"]
[EventRounds "9"]
[EventCountry "BRA"]
[SourceTitle "EXT 2015"]
[Source "ChessBase"]
[SourceDate "2014.11.20"]
[SourceVersion "1"]
[SourceVersionDate "2014.11.20"]
[SourceQuality "1"]

1. c4 Nf6 2. Nc3 c5 3. e4 Nc6 4. Nf3 d6 5. d3 g6 6. Bg5 Bg7 7. Bxf6 Bxf6 8. Qd2 0-0 9. Nd5 Bg7 10. Rb1 Bg4 11. Qf4 Bxf3 12. Qxf3 Qa5+ 13. Nc3 Bxc3+ 14. bxc3 Qxc3+ 15. Kd1 Nd4 16. Rc1 Qxc1+ 17. Kxc1 Nxf3 18. gxf3 Rab8 19. a4 a6 0-1